| 000 | 00496nam a2200181 a 4500 | ||
|---|---|---|---|
| 001 | 1165 | ||
| 005 | 20140414131908.0 | ||
| 008 | 041105s19uu xx 00 eng d | ||
| 020 | _a1-57082-958-6 | ||
| 050 |
_aER _bB85 1998 |
||
| 100 | _aKassirer, Sue | ||
| 245 |
_aA bug's life : _cwritten by Sue Kassirer. _bWhere are the bugs? / |
||
| 260 |
_aU.S.A. : _bA Mouse Works, _c1998. |
||
| 300 | _a1 v. p. : ill. ; cm. | ||
| 440 | _aA bug's life | ||
| 650 | _aChildren stories. | ||
| 999 |
_c111051 _d111051 |
||